Southville International School and Colleges
Your cart is empty.
  • Cart
  • Lists
    Public lists Eva Luna New books Lux_list list_1
    Your lists Log in to create your own lists
  • Log in to your account
  • Your cookies
  • Search history
Southville International School and Colleges
  • Advanced search
  • Recent comments
  • Most popular
  • Libraries

Log in to your account

Log in with GOOGLE


If you do not have an external account, but do have a local account, you can still log in:

  1. Home
  2. MARC view: Basic Tagalog for foreigners and non-Tagalogs /
Normal view MARC view ISBD view

Basic Tagalog for foreigners and non-Tagalogs / (Record no. 16414)

[ view plain ]
MARC details
000 -LEADER
fixed length control field 01149cam a2200325 a 4500
001 - CONTROL NUMBER
control field 14943330
003 - CONTROL NUMBER IDENTIFIER
control field OSt
005 - DATE AND TIME OF LATEST TRANSACTION
control field 20140310182822.0
008 - FIXED-LENGTH DATA ELEMENTS--GENERAL INFORMATION
fixed length control field 070727s2007 ja ab 000 0 eng
010 ## - LIBRARY OF CONGRESS CONTROL NUMBER
LC control number 2007933898
020 ## - INTERNATIONAL STANDARD BOOK NUMBER
International Standard Book Number 9780804838375 (pbk.)
020 ## - INTERNATIONAL STANDARD BOOK NUMBER
International Standard Book Number 0804838372 (pbk.)
040 ## - CATALOGING SOURCE
Original cataloging agency DLC
Transcribing agency DLC
Modifying agency DLC
041 0# - LANGUAGE CODE
Language code of text/sound track or separate title eng
-- tag
050 00 - LIBRARY OF CONGRESS CALL NUMBER
Classification number PL 6053
Item number .As78 2007
082 00 - DEWEY DECIMAL CLASSIFICATION NUMBER
Classification number 499/.21183421
-- 22
100 1# - MAIN ENTRY--PERSONAL NAME
Personal name Aspillera, Paraluman S.
245 10 - TITLE STATEMENT
Title Basic Tagalog for foreigners and non-Tagalogs /
Statement of responsibility, etc by Paraluman S. Aspillera ; revised and updated by Yolanda Canseco Hernandez.
250 ## - EDITION STATEMENT
Edition statement Rev. 2nd ed.
260 ## - PUBLICATION, DISTRIBUTION, ETC. (IMPRINT)
Place of publication, distribution, etc Tokyo ;
-- Rutland, Vt. :
Name of publisher, distributor, etc Tuttle Pub.,
Date of publication, distribution, etc 2007.
300 ## - PHYSICAL DESCRIPTION
Extent 239 p. :
Other physical details ill., map ;
Dimensions 26 cm. +
Accompanying material 1 sound disc (digital ; 4 3/4 in.)
490 0# - SERIES STATEMENT
Series statement Tuttle language library
650 #0 - SUBJECT ADDED ENTRY--TOPICAL TERM
Topical term or geographic name as entry element Tagalog language
General subdivision Textbooks for foreign speakers
-- English.
700 1# - ADDED ENTRY--PERSONAL NAME
Personal name Hernandez, Yolanda Canseco.
906 ## - LOCAL DATA ELEMENT F, LDF (RLIN)
a 7
b cbc
c origcop
d 2
e epcn
f 20
g y-gencatlg
942 ## - ADDED ENTRY ELEMENTS (KOHA)
Source of classification or shelving scheme Library of Congress Classification
Koha item type Books
Call number prefix Local
Holdings
Withdrawn status Lost status Source of classification or shelving scheme Damaged status Home library Current library Shelving location Date acquired Total Checkouts Total Renewals Full call number Barcode Date last seen Date checked out Copy number Price effective from Koha item type
    Library of Congress Classification   College Library College Library Filipiniana Section 03/05/2013 4 34 PL 6053 .As78 2007 C14812 04/25/2019 04/02/2019 1 03/10/2014 Books

Basic Tagalog for foreigners and non-Tagalogs /

APA

Aspillera P. S., Hernandez Y. C., . (2007). Basic Tagalog for foreigners and non-Tagalogs. Tokyo: Tuttle Pub.

Chicago

Aspillera Paraluman S, Hernandez Yolanda Canseco, . 2007. Basic Tagalog for foreigners and non-Tagalogs. Tokyo: Tuttle Pub.

Harvard

Aspillera P. S., Hernandez Y. C., . (2007). Basic Tagalog for foreigners and non-Tagalogs. Tokyo: Tuttle Pub.

MLA

Aspillera Paraluman S, Hernandez Yolanda Canseco, . Basic Tagalog for foreigners and non-Tagalogs. Tokyo: Tuttle Pub. 2007.

  • Place hold
  • Print
  • Cite
  • Add to your cart (remove)
  • Save record
    BIBTEX Dublin Core MARCXML MARC (non-Unicode/MARC-8) MARC (Unicode/UTF-8) MARC (Unicode/UTF-8, Standard) MODS (XML) RIS
  • More searches
    Search for this title in:
    Other Libraries (WorldCat) Other Databases (Google Scholar) Online Stores (Bookfinder.com) Open Library (openlibrary.org)

Exporting to Dublin Core...

SOUTHVILLE LIBRARY

Southville International School and Colleges Library

1281 Tropical Ave. Cor. Luxembourg St., BF Homes International, Las Pinas City

Tel. No. 8256374 / 252358 Loc. 117/146

Powered by Koha